| 000 | 01439ngm a22004210a 4500 | ||
|---|---|---|---|
| 001 | PT19333 | ||
| 003 | AR-LpoUNG | ||
| 005 | 20210202000302.0 | ||
| 007 | vd cvaizq | ||
| 008 | 191001s1997||||ag |||||||||||||||||spa d | ||
| 037 | _c$16.63 | ||
| 040 |
_aAR-LpoUNG _bspa _cAR-LpoUNG _eaacr |
||
| 041 | _aspa | ||
| 044 | _aag | ||
| 082 | 0 | _a982.064 696eso | |
| 100 | 1 |
_aArijón, Gonzalo _edir. |
|
| 245 | 1 | 0 | _aPor esos ojos |
| 250 | _a1§ edición | ||
| 260 |
_aBuenos Aires : _bCine Ojo, _c1997. |
||
| 300 | _aVHS (60 min.) : son., col. | ||
| 505 | 0 | _aMúsica: José Mosalini. | |
| 520 | _aPresenta el testimonio de los esfuerzos realizados por María Esther Gatti de Islas, llevados a cabo a lo largo de casi dos décadas, para encontrar a su nieta Mariana Zaffaroni Islas, secuestrada en Buenos Aires en 1976 por un integrante de la SIDE, presuntamente vinculado a la desaparición de sus padres cuando la niña tenía 18 meses. | ||
| 650 | 4 | _aARGENTINA | |
| 650 | 4 | _aDICTADURA | |
| 650 | 4 | _aGOBIERNO MILITAR | |
| 650 | 4 | _aHISTORIA SOCIAL | |
| 650 | 4 | _aURUGUAY | |
| 651 | 4 | _aUruguay | |
| 653 | _aDOCUMENTALES | ||
| 653 | _aVIDEOS | ||
| 700 | 1 |
_aMartínez, Virginia _edir. |
|
| 710 | 2 | _aFrance 2 (firma: comercial : Buenos Aires) | |
| 710 | 2 | _aPoint du Jour (firma comercial : Francia) | |
| 710 | 2 | _aTele Europe | |
| 710 | 2 | _aTV Ciudad (firma comercial : Montevideo) | |
| 905 | _a19333 | ||
| 942 | _cVIDEO | ||
| 999 |
_c54527 _d54527 |
||